Most popular team sports by country - Statistics

General Stats
  • This quiz has been taken 125 times
  • The average score is 15 of 20
Answer Stats
Hint Answer % Correct
USA Football
97%
Canada Ice Hockey
95%
Italy Soccer
94%
Brazil Soccer
88%
UK Soccer
83%
India Cricket
80%
Mexico Soccer
79%
New Zealand Rugby
78%
Croatia Soccer
78%
Japan Baseball
72%
Ireland Gaelic football
72%
Pakistan Cricket
69%
Egypt Soccer
68%
Finland Ice Hockey
65%
Australia Australian Football
63%
Lithuania Basketball
63%
Cuba Baseball
62%
Venezuela Baseball
58%
Latvia Ice Hockey
52%
Phillippines Basketball
40%
No matching quizzes found
Score Distribution
Percent of People with Each Score
Percentile by Number Answered
Your Score History
You have not taken this quiz